000
00316nam a22001337a 4500
008
180806b xxu||||| |||| 00| 0 eng d
082
_a
813.52
245
_a
Multimedia companion to music:An Appreciation
_c
Hill.M
260
_c
2002
300
_a
1
_f
CD
440
_x
0072474300
760
_b
4 th
942
_2
ddc
_c
MX
999
_c
46864
_d
46864